The 1939 Callendar Steam Tables (Record no. 5124)

000 -LEADER
fixed length control field 00335nam a2200121Ia 4500
008 - FIXED-LENGTH DATA ELEMENTS--GENERAL INFORMATION
fixed length control field 200103s 1949 ||||xx |||||||||||||| ||und||
082 ## - DEWEY DECIMAL CLASSIFICATION NUMBER
Classification number 621.1021
Item number CALL
100 ## - MAIN ENTRY--PERSONAL NAME
Personal name Callendar, G.S. and Egerton, A.C.
245 #4 - TITLE STATEMENT
Title The 1939 Callendar Steam Tables
260 ## - PUBLICATION, DISTRIBUTION, ETC. (IMPRINT)
Name of publisher, distributor, etc Edward Arnold & Co.
Date of publication, distribution, etc 1949
Place of publication, distribution, etc London
300 ## - PHYSICAL DESCRIPTION
Extent 64p.
942 ## - ADDED ENTRY ELEMENTS (KOHA)
Item type Books
Holdings
Withdrawn status Lost status Source of classification or shelving scheme Damaged status Not for loan Collection code Permanent location Current location Shelving location Date acquired Full call number Barcode Date last seen Koha item type Public note
          Non-fiction IMU-MPC Library IMU-MPC Library General Stacks 2020-01-08 621.1021 CALL MPC342 2025-03-17 Books Column-12
Copyright © 2021 Indian Maritime University, Mumbai Port Campus. All Rights Reserved. Managed & Maintained by Central Library, IMU-Mumbai

webs counters

Powered by Koha